| Tag |
First Indicator |
Second Indicator |
Subfields |
| LEADER |
00000cam a2200000 i 4500 |
| 001 |
in00000817921 |
| 005 |
20151018115243.0 |
| 008 |
801001s1980 dcu f00010 eng d |
| 010 |
|
|
|a gp 80025196
|
| 020 |
|
|
|c $3.75 (pbk. :)
|
| 035 |
|
|
|a (OCoLC)06776172
|
| 035 |
|
|
|9 ADV4654AM
|
| 037 |
|
|
|b 20402
|
| 040 |
|
|
|a GPO
|c GPO
|d UtOrBLW
|
| 043 |
|
|
|a n-us---
|
| 074 |
|
|
|a 136
|
| 086 |
0 |
|
|a C 3.24/4:MC 77-I-23 C
|
| 110 |
1 |
|
|a United States.
|b Bureau of the Census.
|
| 240 |
1 |
0 |
|a Census of manufactures (1977)
|
| 245 |
1 |
0 |
|a 1977 census of manufactures :
|b industry series, women's and children's underwear, headwear, children's outerwear.
|
| 264 |
|
2 |
|a Washington :
|b Dept. of Commerce, Bureau of the Census : for sale by the Supt. of Docs., U.S. Govt. Print. Off,
|c 1980.
|
| 300 |
|
|
|a 56 pages in various pagings ;
|c 28 cm.
|
| 336 |
|
|
|a text
|b txt
|2 rdacontent
|
| 337 |
|
|
|a unmediated
|b n
|2 rdamedia
|
| 338 |
|
|
|a volume
|b nc
|2 rdacarrier
|
| 490 |
0 |
|
|a MC 77-I ; 23 C
|
| 500 |
|
|
|a Issued Aug. 1980.
|
| 650 |
|
0 |
|a Manufactures
|z United States
|v Statistics.
|
| 650 |
|
0 |
|a Clothing trade
|z United States
|x Statistics.
|
| 740 |
|
|
|a Industry series, women's and children's underwear, headwear, children's outerwear.
|
| 740 |
|
|
|a Women's and children's underwear, headwear, children' outerwear.
|
| 999 |
|
|
|a MARS
|
| 999 |
f |
f |
|s 067ecd8c-ea97-37f1-87cd-5eabafaaa7c8
|i cdc9b606-0d66-39ce-893f-9194186828be
|t 0
|
| 952 |
f |
f |
|p noncirc
|a Texas A&M University
|b College Station
|c Sterling C. Evans Library
|d Evans: US Documents (Annex 5th floor)
|t 0
|e C 3.24/4:MC 77-I-23 C
|h Superintendent of Documents classification
|i unmediated -- volume
|m A14812765702
|
| 998 |
f |
f |
|a C 3.24/4:MC 77-I-23 C
|t 0
|l Evans: US Documents (Annex 5th floor)
|